Historia de la iglesia primitiva

Сохранить в:
Библиографические подробности
Главный автор: Brox, Norbert (Автор)
Формат:
Язык:испанский
Опубликовано: Barcelona Herder 1986
Серии:Biblioteca de Teología, 8
Предметы:
Метки: Добавить метку
Нет меток, Требуется 1-ая метка записи!

MARC

LEADER 00000nam a2200000 a 4500
001 UCL3014
003 CL-VaPUC
008 031114e19860000SP |||||||||||||||||spa|d
020 |a 8425414512 
082 0 4 |a 270  |b BRO  |2 21 
100 0 |a Brox, Norbert  |e author  |9 480252 
245 1 0 |a Historia de la iglesia primitiva 
300 |a 263 p 
942 |c BK 
945 |d 20031114 00:00:00  |a rbrito 
260 |a Barcelona  |b Herder  |c 1986 
650 0 |a Historia de la iglesia   |9 257565 
650 0 |a Iglesia Católica  |9 256114 
650 0 |a Cristianismo  |9 257361 
650 0 |a Judaísmo  |9 269348 
583 |a last modification  |c 20031114 00:00:00  |k Rodrigo Vera 
490 0 |a Biblioteca de Teología, 8 
999 |c 306166  |d 306164 
952 |0 0  |1 0  |4 0  |6 270_000000000000000_BRO_1986  |7 0  |8 A  |9 370947  |a BIBTEO  |b BIBTEO  |d 2019-11-21  |i 2085461  |o 270 BRO 1986  |p 2085461  |r 2025-01-17  |w 2019-11-21  |y BK  |k ICR 
952 |0 0  |1 0  |4 0  |6 270_000000000000000_BRO_1986  |7 0  |8 A  |9 370948  |a BIBTEO  |b BIBTEO  |d 2019-11-21  |i 208547K  |o 270 BRO 1986  |p 208547K  |r 2025-01-17  |w 2019-11-21  |y BK  |k ICR 
952 |0 0  |1 0  |4 0  |6 270_000000000000000_BRO_1986  |7 0  |8 A  |9 370949  |a BIBTEO  |b BIBTEO  |d 2019-11-21  |i 2108356  |o 270 BRO 1986  |p 2108356  |r 2025-01-17  |w 2019-11-21  |y BK  |k ICR